Every Formula 1 Driver - Statistics

General Stats
  • This quiz has been taken 39 times
    7 since last reset
  • The average score is 248 of 312
Answer Stats
Year Answer Nation Team % Correct
2025 Alexander Albon Thailand Williams
100%
2024 Alexander Albon Thailand Williams
100%
2023 Alexander Albon Thailand Williams
100%
2022 Alexander Albon Thailand Williams
100%
2020 Alexander Albon Thailand Red Bull
100%
2019 Alexander Albon Thailand Red Bull
100%
2025 Andrea Kimi Antonelli Italy Mercedes
100%
2025 Carlos Sainz jr Spain Williams
100%
2024 Carlos Sainz jr Spain Ferrari
100%
2023 Carlos Sainz jr Spain Ferrari
100%
2022 Carlos Sainz jr Spain Ferrari
100%
2021 Carlos Sainz jr Spain Ferrari
100%
2020 Carlos Sainz jr Spain McLaren
100%
2019 Carlos Sainz jr Spain McLaren
100%
2018 Carlos Sainz jr Spain Renault
100%
2017 Carlos Sainz jr Spain Renault
100%
2016 Carlos Sainz jr Spain Toro Rosso
100%
2015 Carlos Sainz jr Spain Toro Rosso
100%
2025 Charles Leclerc Monaco Ferrari
100%
2024 Charles Leclerc Monaco Ferrari
100%
2023 Charles Leclerc Monaco Ferrari
100%
2022 Charles Leclerc Monaco Ferrari
100%
2021 Charles Leclerc Monaco Ferrari
100%
2020 Charles Leclerc Monaco Ferrari
100%
2019 Charles Leclerc Monaco Ferrari
100%
2018 Charles Leclerc Monaco Sauber
100%
2025 Franco Colapinto Argentina Alpine
100%
2024 Franco Colapinto Argentina Williams
100%
2025 Lando Norris United Kingdom McLaren
100%
2024 Lando Norris United Kingdom McLaren
100%
2023 Lando Norris United Kingdom McLaren
100%
2022 Lando Norris United Kingdom McLaren
100%
2021 Lando Norris United Kingdom McLaren
100%
2020 Lando Norris United Kingdom McLaren
100%
2019 Lando Norris United Kingdom McLaren
100%
2025 Lewis Hamilton United Kingdom Ferrari
100%
2024 Lewis Hamilton United Kingdom Mercedes
100%
2023 Lewis Hamilton United Kingdom Mercedes
100%
2022 Lewis Hamilton United Kingdom Mercedes
100%
2021 Lewis Hamilton United Kingdom Mercedes
100%
2020 Lewis Hamilton United Kingdom Mercedes
100%
2019 Lewis Hamilton United Kingdom Mercedes
100%
2018 Lewis Hamilton United Kingdom Mercedes
100%
2017 Lewis Hamilton United Kingdom Mercedes
100%
2016 Lewis Hamilton United Kingdom Mercedes
100%
2015 Lewis Hamilton United Kingdom Mercedes
100%
2014 Lewis Hamilton United Kingdom Mercedes
100%
2013 Lewis Hamilton United Kingdom Mercedes
100%
2012 Lewis Hamilton United Kingdom McLaren
100%
2025 Max Verstappen Netherlands Red Bull
100%
2024 Max Verstappen Netherlands Red Bull
100%
2023 Max Verstappen Netherlands Red Bull
100%
2022 Max Verstappen Netherlands Red Bull
100%
2021 Max Verstappen Netherlands Red Bull
100%
2020 Max Verstappen Netherlands Red Bull
100%
2019 Max Verstappen Netherlands Red Bull
100%
2018 Max Verstappen Netherlands Red Bull
100%
2017 Max Verstappen Netherlands Red Bull
100%
2016 Max Verstappen Netherlands Red Bull
100%
2015 Max Verstappen Netherlands Toro Rosso
100%
2012 Michael Schumacher Germany Mercedes
100%
2022 Mick Schumacher Germany Haas
100%
2021 Mick Schumacher Germany Haas
100%
2025 Nico Hulkenberg Germany Kick Sauber
100%
2024 Nico Hulkenberg Germany Haas
100%
2023 Nico Hulkenberg Germany Haas
100%
2022 Nico Hulkenberg Germany Aston Martin
100%
2020 Nico Hulkenberg Germany Racing Point
100%
2019 Nico Hulkenberg Germany Renault
100%
2018 Nico Hulkenberg Germany Renault
100%
2017 Nico Hulkenberg Germany Renault
100%
2016 Nico Hulkenberg Germany Force India
100%
2015 Nico Hulkenberg Germany Force India
100%
2014 Nico Hulkenberg Germany Force India
100%
2013 Nico Hulkenberg Germany Sauber
100%
2012 Nico Hulkenberg Germany Force India
100%
2025 Oscar Piastri Australia McLaren
100%
2024 Oscar Piastri Australia McLaren
100%
2023 Oscar Piastri Australia McLaren
100%
2025 Pierre Gasly France Alpine
100%
2024 Pierre Gasly France Alpine
100%
2023 Pierre Gasly France Alpine
100%
2022 Pierre Gasly France AlphaTauri
100%
2021 Pierre Gasly France AlphaTauri
100%
2020 Pierre Gasly France AlphaTauri
100%
2019 Pierre Gasly France Toro Rosso
100%
2018 Pierre Gasly France Toro Rosso
100%
2017 Pierre Gasly France Toro Rosso
100%
2024 Valtteri Bottas Finland Kick Sauber
100%
2023 Valtteri Bottas Finland Alfa Romeo
100%
2022 Valtteri Bottas Finland Alfa Romeo
100%
2021 Valtteri Bottas Finland Mercedes
100%
2020 Valtteri Bottas Finland Mercedes
100%
2019 Valtteri Bottas Finland Mercedes
100%
2018 Valtteri Bottas Finland Mercedes
100%
2017 Valtteri Bottas Finland Mercedes
100%
2016 Valtteri Bottas Finland Williams
100%
2015 Valtteri Bottas Finland Williams
100%
2014 Valtteri Bottas Finland Williams
100%
2013 Valtteri Bottas Finland Williams
100%
2024 Zhou Guanyu China Kick Sauber
100%
2023 Zhou Guanyu China Alfa Romeo
100%
2022 Zhou Guanyu China Alfa Romeo
100%
2024 Daniel Ricciardo Australia Racing Bulls
83%
2023 Daniel Ricciardo Australia AlphaTauri
83%
2022 Daniel Ricciardo Australia McLaren
83%
2021 Daniel Ricciardo Australia McLaren
83%
2020 Daniel Ricciardo Australia Renault
83%
2019 Daniel Ricciardo Australia Renault
83%
2018 Daniel Ricciardo Australia Red Bull
83%
2017 Daniel Ricciardo Australia Red Bull
83%
2016 Daniel Ricciardo Australia Red Bull
83%
2015 Daniel Ricciardo Australia Red Bull
83%
2014 Daniel Ricciardo Australia Red Bull
83%
2013 Daniel Ricciardo Australia Toro Rosso
83%
2012 Daniel Ricciardo Australia Toro Rosso
83%
2025 Esteban Ocon France Haas
83%
2024 Esteban Ocon France Alpine
83%
2023 Esteban Ocon France Alpine
83%
2022 Esteban Ocon France Alpine
83%
2021 Esteban Ocon France Alpine
83%
2020 Esteban Ocon France Renault
83%
2018 Esteban Ocon France Force India
83%
2017 Esteban Ocon France Force India
83%
2016 Esteban Ocon France Manor
83%
2025 Fernando Alonso Spain Aston Martin
83%
2024 Fernando Alonso Spain Aston Martin
83%
2023 Fernando Alonso Spain Aston Martin
83%
2022 Fernando Alonso Spain Alpine
83%
2021 Fernando Alonso Spain Alpine
83%
2018 Fernando Alonso Spain McLaren
83%
2017 Fernando Alonso Spain McLaren
83%
2016 Fernando Alonso Spain McLaren
83%
2015 Fernando Alonso Spain McLaren
83%
2014 Fernando Alonso Spain Ferrari
83%
2013 Fernando Alonso Spain Ferrari
83%
2012 Fernando Alonso Spain Ferrari
83%
2025 George Russell United Kingdom Mercedes
83%
2024 George Russell United Kingdom Mercedes
83%
2023 George Russell United Kingdom Mercedes
83%
2022 George Russell United Kingdom Mercedes
83%
2021 George Russell United Kingdom Williams
83%
2020 George Russell United Kingdom Williams
83%
2019 George Russell United Kingdom Williams
83%
2025 Jack Doohan Australia Alpine
83%
2024 Jack Doohan Australia Alpine
83%
2016 Jenson Button United Kingdom McLaren
83%
2015 Jenson Button United Kingdom McLaren
83%
2014 Jenson Button United Kingdom McLaren
83%
2013 Jenson Button United Kingdom McLaren
83%
2012 Jenson Button United Kingdom McLaren
83%
2024 Kevin Magnussen Denmark Haas
83%
2023 Kevin Magnussen Denmark Haas
83%
2022 Kevin Magnussen Denmark Haas
83%
2020 Kevin Magnussen Denmark Haas
83%
2019 Kevin Magnussen Denmark Haas
83%
2018 Kevin Magnussen Denmark Haas
83%
2017 Kevin Magnussen Denmark Haas
83%
2016 Kevin Magnussen Denmark Renault
83%
2014 Kevin Magnussen Denmark McLaren
83%
2021 Kimi Räikkönen Finland Alfa Romeo
83%
2020 Kimi Räikkönen Finland Alfa Romeo
83%
2019 Kimi Räikkönen Finland Alfa Romeo
83%
2018 Kimi Räikkönen Finland Ferrari
83%
2017 Kimi Räikkönen Finland Ferrari
83%
2016 Kimi Räikkönen Finland Ferrari
83%
2015 Kimi Räikkönen Finland Ferrari
83%
2014 Kimi Räikkönen Finland Ferrari
83%
2013 Kimi Räikkönen Finland Lotus
83%
2012 Kimi Räikkönen Finland Lotus
83%
2025 Lance Stroll Canada Aston Martin
83%
2024 Lance Stroll Canada Aston Martin
83%
2023 Lance Stroll Canada Aston Martin
83%
2022 Lance Stroll Canada Aston Martin
83%
2021 Lance Stroll Canada Aston Martin
83%
2020 Lance Stroll Canada Racing Point
83%
2019 Lance Stroll Canada Racing Point
83%
2018 Lance Stroll Canada Williams
83%
2017 Lance Stroll Canada Williams
83%
2025 Liam Lawson New Zealand Racing Bulls
83%
2024 Liam Lawson New Zealand Racing Bulls
83%
2023 Liam Lawson New Zealand AlphaTauri
83%
2018 Marcus Ericsson Sweden Sauber
83%
2017 Marcus Ericsson Sweden Sauber
83%
2016 Marcus Ericsson Sweden Sauber
83%
2015 Marcus Ericsson Sweden Sauber
83%
2014 Marcus Ericsson Sweden Caterham
83%
2016 Nico Rosberg Germany Mercedes
83%
2015 Nico Rosberg Germany Mercedes
83%
2014 Nico Rosberg Germany Mercedes
83%
2013 Nico Rosberg Germany Mercedes
83%
2012 Nico Rosberg Germany Mercedes
83%
2025 Oliver Bearman United Kingdom Haas
83%
2024 Oliver Bearman United Kingdom Haas
83%
2022 Sebastian Vettel Germany Aston Martin
83%
2021 Sebastian Vettel Germany Aston Martin
83%
2020 Sebastian Vettel Germany Ferrari
83%
2019 Sebastian Vettel Germany Ferrari
83%
2018 Sebastian Vettel Germany Ferrari
83%
2017 Sebastian Vettel Germany Ferrari
83%
2016 Sebastian Vettel Germany Ferrari
83%
2015 Sebastian Vettel Germany Ferrari
83%
2014 Sebastian Vettel Germany Red Bull
83%
2013 Sebastian Vettel Germany Red Bull
83%
2012 Sebastian Vettel Germany Red Bull
83%
2024 Sergio Perez Mexico Red Bull
83%
2023 Sergio Perez Mexico Red Bull
83%
2022 Sergio Perez Mexico Red Bull
83%
2021 Sergio Perez Mexico Red Bull
83%
2020 Sergio Perez Mexico Racing Point
83%
2019 Sergio Perez Mexico Racing Point
83%
2018 Sergio Perez Mexico Force India
83%
2017 Sergio Perez Mexico Force India
83%
2016 Sergio Perez Mexico Force India
83%
2015 Sergio Perez Mexico Force India
83%
2014 Sergio Perez Mexico Force India
83%
2013 Sergio Perez Mexico McLaren
83%
2012 Sergio Perez Mexico Sauber
83%
2025 Yuki Tsunoda Japan Red Bull
83%
2024 Yuki Tsunoda Japan Racing Bulls
83%
2023 Yuki Tsunoda Japan AlphaTauri
83%
2022 Yuki Tsunoda Japan AlphaTauri
83%
2021 Yuki Tsunoda Japan AlphaTauri
83%
2021 Antonia Giovinazzi Italy Alfa Romeo
67%
2020 Antonio Giovinazzi Italy Alfa Romeo
67%
2019 Antonio Giovinazzi Italy Alfa Romeo
67%
2017 Antonio Giovinazzi Italy Sauber
67%
2012 Bruno Senna Brazil Williams
67%
2020 Daniil Kvyat Russia AlphaTauri
67%
2019 Daniil Kvyat Russia Toro Rosso
67%
2017 Daniil Kvyat Russia Toro Rosso
67%
2016 Daniil Kvyat Russia Toro Rosso
67%
2015 Daniil Kvyat Russia Red Bull
67%
2014 Daniil Kvyat Russia Toro Rosso
67%
2017 Felipe Massa Brazil Williams
67%
2016 Felipe Massa Brazil Williams
67%
2015 Felipe Massa Brazil Williams
67%
2014 Felipe Massa Brazil Williams
67%
2013 Felipe Massa Brazil Ferrari
67%
2012 Felipe Massa Brazil Ferrari
67%
2025 Gabriel Bortoleto Brazil Kick Sauber
67%
2025 Isack Hadjar France Racing Bulls
67%
2020 Jack Aitken United Kingdom Williams
67%
2024 Logan Sargeant United States Williams
67%
2023 Logan Sargeant United States Williams
67%
2022 Nicholas Latifi Canada Williams
67%
2021 Nicholas Latifi Canada Williams
67%
2020 Nicholas Latifi Canada Williams
67%
2021 Nikita Mazepin Russia Haas
67%
2023 Nyck de Vries Netherlands AlphaTauri
67%
2022 Nyck de Vries Netherlands Williams
67%
2015 Pastor Maldonado Venezuela Lotus
67%
2014 Pastor Maldonado Venezuela Lotus
67%
2013 Pastor Maldonado Venezuela Williams
67%
2012 Pastor Maldonado Venezuela Williams
67%
2020 Pietro Fittipaldi Brazil Haas
67%
2021 Robert Kubica Poland Alfa Romeo
67%
2019 Robert Kubica Poland Williams
67%
2020 Romain Grosjean France Haas
67%
2019 Romain Grosjean France Haas
67%
2018 Romain Grosjean France Haas
67%
2017 Romain Grosjean France Haas
67%
2016 Romain Grosjean France Haas
67%
2015 Romain Grosjean France Lotus
67%
2014 Romain Grosjean France Lotus
67%
2013 Romain Grosjean France Lotus
67%
2012 Romain Grosjean France Lotus
67%
2018 Sergey Sirotkin Russia Williams
67%
2018 Stoffel Vandoorne Belgium McLaren
67%
2017 Stoffel Vandoorne Belgium McLaren
67%
2016 Stoffel Vandoorne Belgium McLaren
67%
2018 Brendon Hartley New Zealand Toro Rosso
50%
2017 Brendon Hartley New Zealand Toro Rosso
50%
2016 Esteban Gutierrez Mexico Haas
50%
2014 Esteban Gutierrez Mexico Sauber
50%
2013 Esteban Gutierrez Mexico Sauber
50%
2013 Heikki Kovalainen Finland Lotus
50%
2012 Heikki Kovalainen Finland Caterham
50%
2017 Jolyon Palmer United Kingdom Renault
50%
2016 Joylon Palmer United Kingdom Renault
50%
2014 Kamui Kobayashi Japan Caterham
50%
2012 Kamui Kobayashi Japan Sauber
50%
2013 Mark Webber Australia Red Bull
50%
2012 Mark Webber Australia Red Bull
50%
2017 Pascal Wehrlein Germany Sauber
50%
2016 Pascal Wehrlein Germany Manor
50%
2014 Adrian Sutil Germany Sauber
33%
2013 Adrian Sutil Germany Force India
33%
2014 Jean-Eric Vergne France Toro Rosso
33%
2013 Jean-Eric Vergne France Toro Rosso
33%
2012 Jean-Eric Vergne France Toro Rosso
33%
2014 Jules Bianchi France Marussia
33%
2013 Jules Bianchi France Marussia
33%
2016 Rio Haryanto Indonesia Manor
33%
2012 Vitaly Petrov Russia Caterham
33%
2015 Alexander Rossi United States Marussia
17%
2013 Charles Pic France Caterham
17%
2012 Charles Pic France Marussia
17%
2016 Felipe Nasr Brazil Sauber
17%
2015 Felipe Nasr Brazil Sauber
17%
2013 Giedo van der Garde Netherlands Caterham
17%
2014 Max Chilton United Kingdom Marussia
17%
2013 Max Chilton United Kingdom Marussia
17%
2012 Narain Karthikeyan India HRT
17%
2012 Pedro de la Rosa Spain HRT
17%
2012 Timo Glock Germany Marussia
17%
2015 Will Stevens United Kingdom Marussia
17%
2014 Will Stevens United Kingdom Caterham
17%
2012 Jerome d'Ambrosio Belgium Lotus
0%
2013 Paul di Resta United Kingdom Force India
0%
2012 Paul di Resta United Kingdom Force India
0%
2015 Roberto Merhi Spain Marussia
0%
No matching quizzes found
Score Distribution
Percent of People with Each Score
Percentile by Number Answered
Your Score History
You have not taken this quiz since the last reset